Gas-Liquid Two-Phase Flow in the Pipe or Channel (Record no. 20923)
[ view plain ]
| 000 -LEADER | |
|---|---|
| fixed length control field | 01152nam a2200133Ia 4500 |
| 008 - FIXED-LENGTH DATA ELEMENTS--GENERAL INFORMATION | |
| fixed length control field | 220616s9999||||xx |||||||||||||| ||und|| |
| 020 ## - INTERNATIONAL STANDARD BOOK NUMBER | |
| International Standard Book Number | 9783040000000 |
| 245 #0 - TITLE STATEMENT | |
| Title | Gas-Liquid Two-Phase Flow in the Pipe or Channel |
| 546 ## - LANGUAGE NOTE | |
| Language note | English[eng] |
| 650 ## - SUBJECT ADDED ENTRY--TOPICAL TERM | |
| Topical term or geographic name entry element | self-aeration||chute flow||air concentration||velocity||experimental study||water vapor||coherent phase||exclusion zone||redox potential||pH||infrared||microdroplets||wall shear stress||oscillating two-phase fluctuation flow||heat transfer||magnetohydrodynamic (MHD)||dust particles||capillary waves||surface wave||subharmonic||resonance||COMSOL||ultrasonic atomizer||oil–water–gas flow||flow pattern||water holdup||dimensionless analysis||hydrodynamics||high reduced pressure||flow boiling||turbulent bubbly flow||backward-facing step||PIV/PLIF measurements||RANS modeling||flow structure||gas-droplet turbulent flow||droplet vaporization and dispersion||Eulerian modeling||spray cooling||transparent heater||high-speed video recording||infrared thermography||n/a |
| 700 ## - ADDED ENTRY--PERSONAL NAME | |
| Personal name | Pakhomov, Maksim||Lobanov, Pavel |
| 856 ## - ELECTRONIC LOCATION AND ACCESS | |
| Uniform Resource Identifier | <a href="https://mdpi.com/books/pdfview/book/5225">https://mdpi.com/books/pdfview/book/5225</a> |
| 942 ## - ADDED ENTRY ELEMENTS (KOHA) | |
| Koha item type | E-Books |
| Withdrawn status | Lost status | Damaged status | Not for loan | Home library | Current library | Date acquired | Total Checkouts | Date last seen | Price effective from | Koha item type |
|---|---|---|---|---|---|---|---|---|---|---|
| Kerala University of Digital Sciences, Innovation and Technology Knowledge Centre | Kerala University of Digital Sciences, Innovation and Technology Knowledge Centre | 16/06/2022 | 16/06/2022 | 16/06/2022 | E-Books |